000 00423nam a2200169 i 4500
001 92482
003 ES-MaACL
005 20230906181000.0
007 t|
008 050308s1948 sp ||||1| spa d
100 1 _aLinares Rojas, José.
_972357
245 1 0 _aEspumas /
_cJosé Linares Rojas.
250 _a1ª ed.
260 _aCórdoba :
_b[s.n.],
_c1948.
300 _a61 p. ;
_c18 cm.
852 _aES-MaACL
_j1882-F-17
999 _c92482
_d92482